00606nam a2200193Ia 450000500170000000800410001702000180005804100120007608200180008810000220010624501380012825000120026626000330027830000210031165000310033265000120036365000120037570000250038720260429111905.0260429s9999||||xx |||||||||||||| ||und|| a9783662562024 aEnglish a551.0285bTRA aTrauth, Martin H. 0aCollecting, processing and presenting geoscientific information : bMATLAB and design recipes for earth sciences / cMartin H. Trauth a2nd ed. aGermany : bSpringer,c2018. axiii, 274 p.; hb a Geoscientific information a MATLAB aGeology a Sillmann, Elisabeth